Dinámica poblacional y pesquería de la lisa, Mugil incilis, en la Ciénaga Grande de Santa Marta, Caribe colombiano (Registro nro. 14301)

Detalles MARC
000 -CABECERA
Campo de control 005210000a22001330004500
090 ## - CLASIFICACIÓN LOCAL
Colección AS
Consecutivo Seriadas
041 0# - IDIOMA
Código de idioma para texto/pista de sonido o título separado
100 1# - ASIENTO PRINCIPAL--NOMBRE PERSONAL
Nombre personal Sánchez Ramírez, Claudia
245 10 - MENCION DE TITULO
Título Dinámica poblacional y pesquería de la lisa, Mugil incilis, en la Ciénaga Grande de Santa Marta, Caribe colombiano
700 1# - ASIENTO SECUNDARIO - NOMBRE PERSONAL
Nombre personal Rueda, Mario
700 1# - ASIENTO SECUNDARIO - NOMBRE PERSONAL
Nombre personal Santos Martínez, Adriana
773 1# - Item fuente:
Título Revista de la Academia Colombiana de Ciencias Exactas, Fisicas y Naturales
Especificación de materiales 32
Descripción física 85
Paginas del Articulo 507-517
Lugar, editorial y fecha de publicación 1998
Información sobre la relación 22
942 ## - ELEMENTOS ADICIONALES (KOHA)
Tipo de ítem Artículo

No hay ítems disponibles.